Online
Catalog

Sex and society in Nazi Germany / (Record no. 44547)

MARC details
000 -CABECERA
campo de control de longitud fija 00734nam a2200193 a 4500
001 - NÚMERO DE CONTROL
campo de control 000045058
005 - FECHA Y HORA DE LA ÚLTIMA TRANSACCIÓN
campo de control 20201002045837.0
008 - DATOS DE LONGITUD FIJA--INFORMACIÓN GENERAL
campo de control de longitud fija 150130s1974 ph a 000 0 spa d
040 ## - FUENTE DE LA CATALOGACIÓN
Centro catalogador/agencia de origen DO-SdBNP
Lengua de catalogación spa
Centro/agencia transcriptor BNPHU
082 ## - NÚMERO DE LA CLASIFICACIÓN DECIMAL DEWEY
Número de clasificación xxxx
Número de documento/Ítem xxxx
100 1# - ENTRADA PRINCIPAL--NOMBRE DE PERSONA
Nombre de persona Peter Bleuel, Hans
9 (RLIN) 73067
245 10 - MENCIÓN DE TÍTULO
Título Sex and society in Nazi Germany /
Mención de responsabilidad, etc. Hans Peter Bleuel ; edited and with a preface by Heinrich Fraenkel ; translated from the German by J. Maxwell Brownjohn.
260 ## - PUBLICACIÓN, DISTRIBUCIÓN, ETC.
Lugar de publicación, distribución, etc. Philadelphia, Pennsylvania :
Nombre del editor, distribuidor, etc. Bantam Books,
Fecha de publicación, distribución, etc. 1974.
300 ## - DESCRIPCIÓN FÍSICA
Extensión ix, 364 p. :
Otras características físicas il. ;
Dimensiones 18 cm.
500 ## - NOTA GENERAL
Nota general Das saubere Reich.
504 ## - NOTA DE BIBLIOGRAFÍA, ETC.
Nota de bibliografía, etc. Includes bibliographical references.
700 1# - PUNTO DE ACCESO ADICIONAL--NOMBRE DE PERSONA
Nombre de persona Brownjohn, J. Maxwell,
Término indicativo de función/relación tr.
9 (RLIN) 73068
700 1# - PUNTO DE ACCESO ADICIONAL--NOMBRE DE PERSONA
Nombre de persona Heinrich Fraenkel,
Término indicativo de función/relación ed.
9 (RLIN) 73069
Holdings
Estado de retiro Estado de pérdida Restricciones de uso No para préstamo Código de colección Localización permanente Ubicación/localización actual Ubicación en estantería Fecha de adquisición Número de inventario Total de préstamos Signatura topográfica completa Código de barras Fecha visto por última vez Precio válido a partir de Tipo de ítem Koha Nota pública
      Excluido de préstamo Monografías: Libros y Folletos General General En catalogación 30.01.2015 LF1   xxxx xxxx 45058-10 25.06.2020 25.06.2020 No se presta Perteneció a la biblioteca personal de Germán Emilio Ornes.

Powered by Koha